000 00243nam a22000977a 4500
003 SGT
245 _aCommunity Dental Health
260 _b British Association for the Study of Community Dentistry (BASCD)
_c2021
300 _a283
942 _2ddc
_cBV
999 _c30305
_d30305